Pik Lenina na streche sveta 2022 : slovenská expedícia Rokošport 2022

Bibliographic Details
Main Author: Chovanec, Jozef (Author, Photographer)
Other Authors: Balamuta, Ján (Illustrator), Nemček, Martin (Photographer), Chovanec, Michal (Photographer)
Format: Book
Language:Slovak
PhysicalDescription:104 strán fotografie, ilustrácie, mapy 22 cm
Published: [Svidník] Tlačiareň svidnícka, s.r.o. 2025
ISBN:9788083060012
Edition:Vydanie prvé
Subjects:

MARC

LEADER 00000cam a2200000 4500
003 SK-MaSNL
005 20260428095913.0
008 260330s2025 xo oab g 000 0 slo
015 |a SNBA2026/04 
020 |a 9788083060012  |q viazané 
038 |a SNK 
040 |a SNK  |b slo  |c SNK  |e rda 
041 0 |a slo 
044 |a xo  |c SK 
072 7 |a 91  |x Geografia ako veda. Výskum. Cestovanie  |2 konspekt 
080 |a  910.4  |2 2011 
080 |a 5-191.2  |2 2011 
080 |a (0:82-992)  |2 2011 
100 1 |a Chovanec, Jozef  |4 aut  |4 pht  |9 220299 
245 1 0 |a Pik Lenina  |b na streche sveta 2022 : slovenská expedícia Rokošport 2022  |c Jozef Chovanec 
246 3 0 |a Na streche sveta 2022 
246 3 0 |a Slovenská expedícia Rokošport 2022 
250 |a Vydanie prvé 
264 1 |a [Svidník]  |b Tlačiareň svidnícka, s.r.o.  |c 2025 
300 |a 104 strán  |b fotografie, ilustrácie, mapy  |c 22 cm 
336 |a text  |b txt  |2 rdacontent 
336 |a statický obraz   |b sti  |2 rdacontent 
337 |a bez média  |b n  |2 rdamedia 
338 |a zväzok  |b nc  |2 rdacarrier 
500 |a Miesto vydania podľa NA ISBN 
650 0 7 |a horolezecké expedície  |2 SNKPH  |9 1570 
650 0 7 |a Mountaineering expeditions  |2 SNKPHeng  |9 333519 
651 7 |a Pamír (pohorie)  |2 SNKPHgeo  |9 87077 
655 7 |a cestopisy  |2 SNKPH  |9 70220 
655 7 |a Books of travels  |2 SNKPHeng  |9 280380 
700 1 |a Balamuta, Ján  |4 ill  |9 490499 
700 1 |a Nemček, Martin  |4 pht  |9 333524 
700 1 |a Chovanec, Michal  |4 pht  |9 504352 
852 |a Slovenská národná knižnica 
919 |a 978-80-8306-001-2 
954 |a odborná, vedecká literatúra pôvodná (slovenská)  |2 lita 
999 |c 3368280  |d 3370210 
952 |t 1  |a SNK  |b SNK  |c SNK_KF  |y PREZ  |7 8  |p 17A1508645  |o snkSC 213901  |i snk2026/4628  |8 0  |g 0.00  |0 0  |1 0  |2 udc  |4 0  |d 2026-03-30  |l 0  |r 2026-03-30 10:00:19  |w 2026-03-30